Snahy o reprivatizáciu majú politický charakter

Bibliographic Details
Main Author: Kozlík, Sergej, 1950- (Author)
Other Authors: Raslavský, František (Interviewer)
Format: Article
Language:Slovak
PhysicalDescription:Fotogr.
ISSN:1335-4698
Subjects:

MARC

LEADER 00000nab a2200000 a 4500
001 vtls000713085
003 SK-MaSNL
005 20260426071849.0
008 180206c2000 xo 0 slo
015 |a SNBRB2000/02-04367 
035 |a CLN000065252 
040 |a SNKBUCL  |b slo  |c SNKBUCL  |e AACR2 
041 0 |a slo 
044 |a xo  |c SK 
080 |a 338.22(437.6)  |2 UDC-MRF-SK2 
100 1 |a Raslavský, František  |4 ivr  |9 890909 
245 1 0 |a Snahy o reprivatizáciu majú politický charakter  |c František Raslavský, Sergej Kozlík 
300 |b Fotogr. 
650 0 7 |a hospodárska politika  |2 SNKPH  |9 2279 
650 0 7 |a ekonomika  |2 SNKPH  |9 789 
651 7 |a Slovensko  |2 SNKPHgeo  |9 14231 
655 7 |a články z novín a časopisov  |2 snkbucl  |9 267496 
700 1 |a Kozlík, Sergej,  |d 1950-  |4 aut  |4 ive 
773 0 |x 1335-4698  |t Slovenská republika  |g Roč. 8, č. 28 (4.2.2000), s. 1-2 
850 |a Slovenská národná knižnica v Martine 
852 |a SNK  |b KIS3GCP 
958 |a RBX 
999 |c 2682839  |d 2684769